[Event "NatWest Young Masters 1st"]
[Site "London"]
[Date "1984.09.??"]
[Round "5"]
[White "Norwood, David"]
[Black "Hebden, Mark L"]
[Result "1-0"]
[WhiteElo "2290"]
[BlackElo "2480"]
[PlyCount "103"]
[EventDate "1984.09.??"]
[EventType "tourn"]
[EventRounds "9"]
[EventCountry "ENG"]
[EventCategory "6"]
[SourceTitle "BritBase"]
[Source "John Saunders"]
[SourceDate "2020.09.07"]
[SourceVersion "1"]
[SourceVersionDate "2020.09.07"]
[SourceQuality "2"]

1. g3 e5 2. Bg2 Nc6 3. Nc3 f5 4. d3 Nf6 5. e4 Bb4 6. Nge2 O-O 7. O-O d6 8. Bg5
Bxc3 9. Nxc3 h6 10. Bxf6 Qxf6 11. Nd5 Qd8 12. f4 fxe4 13. Bxe4 Be6 14. Qh5 Bf7
15. Qf5 g6 16. Qh3 Kg7 17. f5 Bxd5 18. Bxd5 gxf5 19. Rxf5 Rxf5 20. Qxf5 Qe7 21.
Be4 Kh8 22. Rf1 d5 23. Qg6 Qg7 24. Qxg7+ Kxg7 25. Bxd5 Nb4 26. Rf7+ Kg6 27. Bb3
Nxc2 28. Rxc7 Nb4 29. Rxb7 Nxd3 30. Rd7 Nc5 31. Rd6+ Kg7 32. Bc2 Rc8 33. Rg6+
Kf7 34. Rxh6 e4 35. Rh4 Nd3 36. Bb3+ Kf6 37. Rxe4 Rc1+ 38. Kg2 Nxb2 39. Rd4 a5
40. Rd6+ Ke5 41. Rd5+ Ke4 42. Rxa5 Nd3 43. Ra8 Ne1+ 44. Kh3 Rc7 45. Re8+ Kf3
46. Rf8+ Ke3 47. g4 Rc3 48. g5 Ke4+ 49. Kg4 Nd3 50. h4 Ne5+ 51. Kh5 Rh3 52. Re8
1-0

[Event "NatWest Young Masters 1st"]
[Site "London"]
[Date "1984.09.??"]
[Round "5"]
[White "Prie, Eric"]
[Black "Flear, Glenn C"]
[Result "1/2-1/2"]
[WhiteElo "2355"]
[BlackElo "2455"]
[PlyCount "29"]
[EventDate "1984.09.??"]
[EventType "tourn"]
[EventRounds "9"]
[EventCountry "ENG"]
[EventCategory "6"]
[SourceTitle "BritBase"]
[Source "John Saunders"]
[SourceDate "2020.09.07"]
[SourceVersion "1"]
[SourceVersionDate "2020.09.07"]
[SourceQuality "2"]

1. e4 e5 2. Nf3 Nc6 3. Nc3 Nf6 4. d4 exd4 5. Nd5 Be7 6. Bf4 d6 7. Nxd4 Nxd5 8.
exd5 Nxd4 9. Qxd4 Bf6 10. Qe3+ Qe7 11. Bb5+ Bd7 12. Bxd7+ Kxd7 13. Qxe7+ Kxe7
14. O-O-O Rhe8 15. Rhe1+ 1/2-1/2

[Event "NatWest Young Masters 1st"]
[Site "London"]
[Date "1984.09.??"]
[Round "5"]
[White "Williams, A Howard"]
[Black "Arkell, Keith C"]
[Result "1-0"]
[WhiteElo "2395"]
[BlackElo "2345"]
[PlyCount "131"]
[EventDate "1984.09.??"]
[EventType "tourn"]
[EventRounds "9"]
[EventCountry "ENG"]
[EventCategory "6"]
[SourceTitle "BritBase"]
[Source "John Saunders"]
[SourceDate "2020.09.07"]
[SourceVersion "1"]
[SourceVersionDate "2020.09.07"]
[SourceQuality "2"]

1. d4 c5 2. d5 e5 3. e4 d6 4. Nc3 Be7 5. Bb5+ Kf8 6. f4 exf4 7. Bxf4 Bg5 8. Qd2
Bxf4 9. Qxf4 Qf6 10. Qe3 Qh6 11. Qg3 Qg6 12. Qf2 a6 13. Bd3 Qf6 14. Nf3 Nd7 15.
O-O Nh6 16. Qg3 Ne5 17. Nxe5 Qxe5 18. Qxe5 dxe5 19. Na4 Ke7 20. Nxc5 b6 21. Nb3
Bd7 22. Nd2 b5 23. c4 bxc4 24. Nxc4 f6 25. d6+ Kd8 26. Rac1 Rb8 27. Rfd1 Nf7
28. b3 Re8 29. Na5 Nxd6 30. Bxa6 Re6 31. Nc6+ Bxc6 32. Rxc6 Kd7 33. Rc2 Ke8 34.
Rc6 Kd7 35. Rdc1 Re7 36. Rc7+ Kd8 37. Rxe7 Kxe7 38. Rc7+ Ke6 39. Rxg7 Ra8 40.
Be2 Nxe4 41. a4 Rb8 42. a5 Kf5 43. Bc4 Rd8 44. h3 Rd1+ 45. Kh2 Kf4 46. Rxh7 Nf2
47. Rh4+ Ke3 48. a6 f5 49. Rh5 Kf4 50. g3+ Ke4 51. a7 Ra1 52. Kg2 Nd1 53. Rh4+
Ke3 54. Rh7 Ra2+ 55. Kf1 Nc3 56. b4 Ra1+ 57. Kg2 Ke4 58. Rc7 Nd1 59. Be2 Ne3+
60. Kf2 Ra2 61. b5 f4 62. gxf4 Nd1+ 63. Ke1 Ne3 64. b6 Ng2+ 65. Kf2 Nxf4 66.
Rc4+ 1-0

[Event "NatWest Young Masters 1st"]
[Site "London"]
[Date "1984.09.??"]
[Round "6"]
[White "Arkell, Keith C"]
[Black "Bradbury, Neil H"]
[Result "1/2-1/2"]
[WhiteElo "2345"]
[BlackElo "2380"]
[PlyCount "120"]
[EventDate "1984.09.??"]
[EventType "tourn"]
[EventRounds "9"]
[EventCountry "ENG"]
[EventCategory "6"]
[SourceTitle "BritBase"]
[Source "John Saunders"]
[SourceDate "2020.09.07"]
[SourceVersion "1"]
[SourceVersionDate "2020.09.07"]
[SourceQuality "2"]

1. e4 e5 2. Nf3 Nc6 3. Bc4 Bc5 4. c3 Nf6 5. Qe2 d6 6. h3 O-O 7. O-O Be6 8. d3
Bxc4 9. dxc4 a5 10. Bg5 h6 11. Bh4 Qe7 12. Nh2 Qe6 13. Qf3 Nh7 14. Nd2 Ne7 15.
Kh1 Ng6 16. Bg3 Bb6 17. Ng4 Ng5 18. Qf5 Ne7 19. Qxe6 Nxe6 20. Rae1 Nc5 21. Re2
Nd3 22. b3 f5 23. exf5 Nxf5 24. Kh2 h5 25. Ne3 Bxe3 26. fxe3 h4 27. Be1 Nc1 28.
Ref2 Nxe3 29. Rxf8+ Rxf8 30. Rxf8+ Kxf8 31. Bxh4 Ke8 32. c5 Nxa2 33. cxd6 cxd6
34. Bg5 Nc2 35. Nc4 Kd7 36. Bd2 Na1 37. Nxa5 b6 38. Nc4 Nxb3 39. Be1 b5 40. Nd2
Nc5 41. Nb1 Ne4 42. g4 Nc1 43. h4 Ke6 44. h5 Nd3 45. Bh4 Nf4 46. Bd8 Nd5 47.
Ba5 Ne3 48. Kh3 Nc4 49. Bd8 d5 50. Kg2 d4 51. cxd4 exd4 52. Kf3 Nc3 53. Nxc3
dxc3 54. Ke4 c2 55. Bg5 Ne5 56. Bd2 b4 57. g5 b3 58. Bc1 Nf7 59. Kd3 Kf5 60. h6
gxh6 1/2-1/2

[Event "NatWest Young Masters 1st"]
[Site "London"]
[Date "1984.09.??"]
[Round "6"]
[White "Condie, Mark L"]
[Black "Prie, Eric"]
[Result "1/2-1/2"]
[WhiteElo "2360"]
[BlackElo "2355"]
[PlyCount "73"]
[EventDate "1984.09.??"]
[EventType "tourn"]
[EventRounds "9"]
[EventCountry "ENG"]
[EventCategory "6"]
[SourceTitle "BritBase"]
[Source "John Saunders"]
[SourceDate "2020.09.07"]
[SourceVersion "1"]
[SourceVersionDate "2020.09.07"]
[SourceQuality "2"]

1. d4 e6 2. c4 b6 3. Nf3 Nf6 4. e3 Be7 5. Bd3 d5 6. O-O O-O 7. Nc3 dxc4 8. Bxc4
Ba6 9. Bxa6 Nxa6 10. Qe2 Qc8 11. e4 c5 12. d5 exd5 13. e5 Ne8 14. Nxd5 Bd8 15.
Qe4 Nac7 16. Nf4 Ne6 17. Nh5 f5 18. Qc4 N8c7 19. Ng3 Qd7 20. Bd2 Qf7 21. Rad1
Be7 22. Bc1 b5 23. Qc3 Rfd8 24. Qc2 g6 25. h4 a6 26. Ne2 Qe8 27. Nf4 Nxf4 28.
Bxf4 Ne6 29. Bc1 Rxd1 30. Rxd1 Rd8 31. h5 Rxd1+ 32. Qxd1 Qd8 33. Qe2 Qd5 34. a3
Kf7 35. hxg6+ hxg6 36. Bd2 Nd4 37. Qe3 1/2-1/2

[Event "NatWest Young Masters 1st"]
[Site "London"]
[Date "1984.09.??"]
[Round "6"]
[White "Flear, Glenn C"]
[Black "Williams, A Howard"]
[Result "1/2-1/2"]
[WhiteElo "2455"]
[BlackElo "2395"]
[PlyCount "28"]
[EventDate "1984.09.??"]
[EventType "tourn"]
[EventRounds "9"]
[EventCountry "ENG"]
[EventCategory "6"]
[SourceTitle "BritBase"]
[Source "John Saunders"]
[SourceDate "2020.09.07"]
[SourceVersion "1"]
[SourceVersionDate "2020.09.07"]
[SourceQuality "2"]

1. d4 Nf6 2. c4 e6 3. Nc3 Bb4 4. e3 O-O 5. Bd3 d5 6. Nf3 b6 7. a3 Bxc3+ 8. bxc3
Ba6 9. cxd5 Bxd3 10. Qxd3 exd5 11. c4 Nc6 12. O-O Na5 13. Ne5 c5 14. Bb2 dxc4
1/2-1/2

[Event "NatWest Young Masters 1st"]
[Site "London"]
[Date "1984.09.??"]
[Round "6"]
[White "Hawksworth, John C"]
[Black "Norwood, David"]
[Result "1-0"]
[WhiteElo "2340"]
[BlackElo "2290"]
[PlyCount "55"]
[EventDate "1984.09.??"]
[EventType "tourn"]
[EventRounds "9"]
[EventCountry "ENG"]
[EventCategory "6"]
[SourceTitle "BritBase"]
[Source "John Saunders"]
[SourceDate "2020.09.07"]
[SourceVersion "1"]
[SourceVersionDate "2020.09.07"]
[SourceQuality "2"]

1. Nf3 g6 2. g3 Bg7 3. Bg2 d6 4. d4 Nf6 5. O-O O-O 6. c4 c6 7. Nc3 Nbd7 8. e4
e5 9. b3 exd4 10. Nxd4 Re8 11. h3 Nc5 12. Re1 d5 13. cxd5 cxd5 14. exd5 Rxe1+
15. Qxe1 Nxd5 16. Nxd5 Bxd4 17. Be3 $1 Nd3 18. Qd1 Bg7 19. Rb1 Ne5 20. Nb6 Bg4
21. hxg4 axb6 22. Qxd8+ Rxd8 23. Bxb6 Rd6 24. Bc5 Ra6 25. a4 Ra5 26. Bb6 Ra6
27. a5 Nxg4 28. Rd1 1-0

[Event "NatWest Young Masters 1st"]
[Site "London"]
[Date "1984.09.??"]
[Round "6"]
[White "Kuijf, Marinus"]
[Black "Hebden, Mark L"]
[Result "1-0"]
[WhiteElo "2405"]
[BlackElo "2480"]
[PlyCount "47"]
[EventDate "1984.09.??"]
[EventType "tourn"]
[EventRounds "9"]
[EventCountry "ENG"]
[EventCategory "6"]
[SourceTitle "BritBase"]
[Source "John Saunders"]
[SourceDate "2020.09.07"]
[SourceVersion "1"]
[SourceVersionDate "2020.09.07"]
[SourceQuality "2"]

1. d4 Nf6 2. Nf3 g6 3. Bg5 Bg7 4. Nbd2 d6 5. e4 O-O 6. c3 Nc6 7. Bb5 a6 8. Ba4
h6 9. Bh4 Bd7 10. O-O Qe8 11. Bb3 Nh5 12. Re1 e5 13. dxe5 Nxe5 14. Nxe5 Qxe5
15. Nf3 Qe8 16. Nd4 Qc8 17. Nf5 Bxf5 18. exf5 Qxf5 19. Be7 Rfe8 20. g4 Qf4 21.
gxh5 g5 22. Qd3 Qg4+ 23. Kh1 Qd7 24. Bxf7+ 1-0

[Event "NatWest Young Masters 1st"]
[Site "London"]
[Date "1984.09.??"]
[Round "7"]
[White "Bradbury, Neil H"]
[Black "Flear, Glenn C"]
[Result "1-0"]
[WhiteElo "2380"]
[BlackElo "2455"]
[PlyCount "139"]
[EventDate "1984.09.??"]
[EventType "tourn"]
[EventRounds "9"]
[EventCountry "ENG"]
[EventCategory "6"]
[SourceTitle "BritBase"]
[Source "John Saunders"]
[SourceDate "2020.09.07"]
[SourceVersion "1"]
[SourceVersionDate "2020.09.07"]
[SourceQuality "2"]

1. d4 f5 2. Bg5 g6 3. Nc3 Bg7 4. h4 h6 5. Bf4 Nf6 6. e3 d6 7. Bc4 Nc6 8. Nf3 e6
9. Qe2 Qe7 10. O-O-O e5 11. dxe5 dxe5 12. Bh2 Be6 13. e4 Nd7 14. h5 fxe4 15.
Bxe6 Qxe6 16. Qxe4 gxh5 17. Qh4 Qg4 18. Bg3 O-O 19. Qxh5 Qxh5 20. Rxh5 Nf6 21.
Rh4 Rae8 22. Ne4 Re7 23. c3 Nd7 24. Kc2 Rff7 25. Rdh1 Re6 26. Rg4 Ne7 27. Rd1
Rg6 28. Nh2 Rxg4 29. Nxg4 Nf8 30. Nxe5 Rf5 31. Ng4 c6 32. Rh1 h5 33. Ne3 Ra5
34. Nd6 b6 35. a3 Nfg6 36. Ne4 Kf8 37. Rd1 Bh6 38. Rd8+ Kg7 39. Nc4 Rd5 40. Ra8
h4 41. Bh2 Rd7 42. Ne5 Nxe5 43. Bxe5+ Kg6 44. Nd6 Kh5 45. Bh2 Nd5 46. Rh8 Kg6
47. Nf5 Rf7 48. Rxh6+ Kxf5 49. Rxh4 Kg5 50. Bg3 Nf6 51. Rd4 Ng4 52. Rd2 b5 53.
Re2 a5 54. f3 Nh6 55. Re6 Nf5 56. Be1 Kf4 57. Re4+ Kg5 58. Bd2+ Kf6 59. g4 Nd6
60. Rf4+ Ke6 61. Rxf7 Nxf7 62. Bf4 a4 63. c4 bxc4 64. Kc3 Kd5 65. Kb4 Kd4 66.
Kxa4 c3 67. bxc3+ Kxc3 68. g5 Nd8 69. g6 Ne6 70. g7 1-0

[Event "NatWest Young Masters 1st"]
[Site "London"]
[Date "1984.09.??"]
[Round "7"]
[White "Hebden, Mark L"]
[Black "Hawksworth, John C"]
[Result "0-1"]
[WhiteElo "2480"]
[BlackElo "2340"]
[PlyCount "136"]
[EventDate "1984.09.??"]
[EventType "tourn"]
[EventRounds "9"]
[EventCountry "ENG"]
[EventCategory "6"]
[SourceTitle "BritBase"]
[Source "John Saunders"]
[SourceDate "2020.09.07"]
[SourceVersion "1"]
[SourceVersionDate "2020.09.07"]
[SourceQuality "2"]

1. e4 e5 2. f4 exf4 3. Nf3 g5 4. h4 g4 5. Ne5 Bg7 6. d4 d6 7. Nc4 Nf6 8. Bxf4
Nxe4 9. Nbd2 Qf6 10. g3 Nxd2 11. Qxd2 Qxd4 12. Qxd4 Bxd4 13. O-O-O Nc6 14. Bg2
Bg7 15. h5 h6 16. Bd5 Be6 17. Ne3 Bd7 18. Rde1 O-O-O 19. Bxf7 Be5 20. Bg6 Rdf8
21. Ref1 Nd4 22. Bxh6 Rf3 23. Rxf3 gxf3 24. Bf4 Ne2+ 25. Kd1 Bxf4 26. gxf4 Nxf4
27. Rf1 Bc6 28. Bf5+ Kd8 29. Bg4 Nxh5 30. Nf5 Be4 31. Bxh5 Bxf5 32. Bxf3 Rh2
33. Bxb7 Bxc2+ 34. Ke1 Bb1 35. Rf8+ Ke7 36. Rc8 Kd7 37. Ra8 Rxb2 38. Bc8+ Kc6
39. a4 Ra2 40. Rxa7 Bc2 41. a5 Bd3 42. Bb7+ Kc5 43. Ra8 Bb5 44. a6 Bc6 45. Kd1
Kb6 46. Rb8 Bxb7 47. Rxb7+ Kc6 48. Ra7 Rb2 49. Ra8 Rb5 50. Kd2 Kb6 51. Kd3 Ra5
52. Rb8+ Kxa6 53. Kc4 Rc5+ 54. Kd4 Rb5 55. Rh8 Kb6 56. Rb8+ Kc6 57. Ra8 Rb4+
58. Kc3 Rh4 59. Rc8 Kb6 60. Kd3 c6 61. Ra8 d5 62. Ra1 Kc5 63. Rc1+ Kd6 64. Rg1
Rh3+ 65. Kc2 Kc5 66. Rg6 d4 67. Re6 Kd5 68. Rh6 Rxh6 0-1

[Event "NatWest Young Masters 1st"]
[Site "London"]
[Date "1984.09.??"]
[Round "7"]
[White "Norwood, David"]
[Black "Arkell, Keith C"]
[Result "1-0"]
[WhiteElo "2290"]
[BlackElo "2345"]
[PlyCount "59"]
[EventDate "1984.09.??"]
[EventType "tourn"]
[EventRounds "9"]
[EventCountry "ENG"]
[EventCategory "6"]
[SourceTitle "BritBase"]
[Source "John Saunders"]
[SourceDate "2020.09.07"]
[SourceVersion "1"]
[SourceVersionDate "2020.09.07"]
[SourceQuality "2"]

1. c4 b6 2. Nc3 Bb7 3. Nf3 e6 4. d4 Nf6 5. a3 d5 6. e3 Be7 7. Bd3 O-O 8. O-O c5
9. cxd5 exd5 10. b3 Nbd7 11. Bb2 Re8 12. Ne5 Bd6 13. f4 Qc8 14. Rc1 Ba6 15.
Nxd7 Nxd7 16. Nxd5 Bxd3 17. Qxd3 Qb7 18. dxc5 Nxc5 19. Qd4 Ne6 20. Nf6+ gxf6
21. Qxf6 Kf8 22. f5 Qe4 23. Qh6+ Ke7 24. fxe6 Qxe6 25. Rf6 Qd5 26. Rcf1 Rf8 27.
Qh4 Ke8 28. Rxd6 Qxd6 29. Qe4+ Kd7 30. Qb7+ 1-0

[Event "NatWest Young Masters 1st"]
[Site "London"]
[Date "1984.09.??"]
[Round "7"]
[White "Prie, Eric"]
[Black "Kuijf, Marinus"]
[Result "1/2-1/2"]
[WhiteElo "2355"]
[BlackElo "2405"]
[PlyCount "57"]
[EventDate "1984.09.??"]
[EventType "tourn"]
[EventRounds "9"]
[EventCountry "ENG"]
[EventCategory "6"]
[SourceTitle "BritBase"]
[Source "John Saunders"]
[SourceDate "2020.09.07"]
[SourceVersion "1"]
[SourceVersionDate "2020.09.07"]
[SourceQuality "2"]

1. Nf3 Nf6 2. c4 c6 3. d4 d5 4. cxd5 cxd5 5. Nc3 Nc6 6. Bf4 Bf5 7. e3 e6 8. Bd3
Bxd3 9. Qxd3 Be7 10. O-O O-O 11. h3 a6 12. Ne5 Rc8 13. Rfc1 Nxe5 14. Bxe5 Nd7
15. Bg3 Nb6 16. Rc2 Qd7 17. Rac1 Rc6 18. Ne2 Rfc8 19. Rxc6 Rxc6 20. Rxc6 Qxc6
21. Qc3 Qc4 22. Qa5 Qc6 23. Qc3 Qxc3 24. Nxc3 Bb4 25. Nd1 Kf8 26. Kf1 Ke8 27.
Ke2 Kd7 28. f3 Kc6 29. Nf2 1/2-1/2

[Event "NatWest Young Masters 1st"]
[Site "London"]
[Date "1984.09.??"]
[Round "7"]
[White "Williams, A Howard"]
[Black "Condie, Mark L"]
[Result "0-1"]
[WhiteElo "2395"]
[BlackElo "2360"]
[PlyCount "58"]
[EventDate "1984.09.??"]
[EventType "tourn"]
[EventRounds "9"]
[EventCountry "ENG"]
[EventCategory "6"]
[SourceTitle "BritBase"]
[Source "John Saunders"]
[SourceDate "2020.09.07"]
[SourceVersion "1"]
[SourceVersionDate "2020.09.07"]
[SourceQuality "2"]

1. d4 Nf6 2. c4 e6 3. Nc3 d5 4. Nf3 Bb4 5. Bg5 Nbd7 6. cxd5 exd5 7. e3 c5 8.
Bb5 Qb6 9. Bxd7+ Bxd7 10. Bxf6 Qxf6 11. O-O Bxc3 12. bxc3 c4 13. Qb1 O-O-O 14.
e4 dxe4 15. Ne5 Be6 16. Qb4 Bd5 17. Nxc4 Bxc4 18. Qxc4+ Kb8 19. Rab1 Rd7 20.
Rfe1 Rc8 21. Qb5 Qe6 22. Rb3 f5 23. Reb1 Rcc7 24. Qa5 Rd5 25. Rb5 Rxb5 26. Qxb5
Qxa2 27. d5 a6 28. Qe8+ Ka7 29. Rd1 Qb3 0-1

[Event "NatWest Young Masters 1st"]
[Site "London"]
[Date "1984.09.??"]
[Round "8"]
[White "Arkell, Keith C"]
[Black "Hebden, Mark L"]
[Result "0-1"]
[WhiteElo "2345"]
[BlackElo "2480"]
[PlyCount "84"]
[EventDate "1984.09.??"]
[EventType "tourn"]
[EventRounds "9"]
[EventCountry "ENG"]
[EventCategory "6"]
[SourceTitle "BritBase"]
[Source "John Saunders"]
[SourceDate "2020.09.07"]
[SourceVersion "1"]
[SourceVersionDate "2020.09.07"]
[SourceQuality "2"]

1. c4 g6 2. e4 Bg7 3. Nc3 c5 4. Nf3 Nc6 5. g3 Rb8 6. Bg2 a6 7. O-O b5 8. d3 d6
9. cxb5 axb5 10. Re1 b4 11. Nd5 e6 12. Ne3 Nge7 13. h4 O-O 14. Ng4 f5 15. exf5
gxf5 16. Ngh2 h6 17. h5 Qe8 18. Nh4 Nd4 19. g4 Qf7 20. g5 hxg5 21. Bxg5 Bf6 22.
f4 e5 23. h6 Ne6 24. h7+ Kh8 25. Qd2 Bxg5 26. fxg5 Ng6 27. N2f3 Nxh4 28. Nxh4
Qh5 29. Nf3 Bb7 30. Rf1 Nf4 31. a3 bxa3 32. Rxa3 Rf7 33. Rb3 Rxh7 34. Rb6 Rg8
35. Rxd6 Nxg2 36. Qxg2 Bxf3 37. Rxf3 Rxg5 38. Rd8+ Kg7 39. Rg3 Qd1+ 40. Kf2
Qd2+ 41. Kf3 e4+ 42. dxe4 fxe4+ 0-1

[Event "NatWest Young Masters 1st"]
[Site "London"]
[Date "1984.09.??"]
[Round "8"]
[White "Condie, Mark L"]
[Black "Bradbury, Neil H"]
[Result "1-0"]
[WhiteElo "2360"]
[BlackElo "2380"]
[PlyCount "63"]
[EventDate "1984.09.??"]
[EventType "tourn"]
[EventRounds "9"]
[EventCountry "ENG"]
[EventCategory "6"]
[SourceTitle "BritBase"]
[Source "John Saunders"]
[SourceDate "2020.09.07"]
[SourceVersion "1"]
[SourceVersionDate "2020.09.07"]
[SourceQuality "2"]

1. d4 Nf6 2. c4 e6 3. Nc3 Bb4 4. Qc2 c5 5. dxc5 Nc6 6. Nf3 O-O 7. a3 Bxc5 8.
Bf4 d5 9. e3 Re8 10. cxd5 exd5 11. Be2 d4 12. Nb5 Bb6 13. Nbxd4 Nxd4 14. exd4
Re4 15. Be5 Bf5 16. Qd1 Ba5+ 17. b4 Nd5 18. Qd2 f6 19. bxa5 fxe5 20. O-O Nf4
21. Bc4+ Kh8 22. Rae1 Rc8 23. Rxe4 Bxe4 24. Nxe5 Qh4 25. f3 Bg6 26. g3 Nh3+ 27.
Kg2 Qh5 28. Qe2 Ng5 29. h4 Bf5 30. g4 Qxh4 31. Rh1 Nh3 32. Rxh3 1-0

[Event "NatWest Young Masters 1st"]
[Site "London"]
[Date "1984.09.??"]
[Round "8"]
[White "Flear, Glenn C"]
[Black "Norwood, David"]
[Result "1/2-1/2"]
[WhiteElo "2455"]
[BlackElo "2290"]
[PlyCount "85"]
[EventDate "1984.09.??"]
[EventType "tourn"]
[EventRounds "9"]
[EventCountry "ENG"]
[EventCategory "6"]
[SourceTitle "BritBase"]
[Source "John Saunders"]
[SourceDate "2020.09.07"]
[SourceVersion "1"]
[SourceVersionDate "2020.09.07"]
[SourceQuality "2"]

1. d4 Nf6 2. c4 e6 3. Nc3 c5 4. d5 exd5 5. cxd5 d6 6. e4 g6 7. f4 Bg7 8. Bb5+
Nbd7 9. e5 dxe5 10. fxe5 Nh5 11. e6 Qh4+ 12. g3 Nxg3 13. hxg3 Qxh1 14. Be3 O-O
15. exd7 Bxd7 16. Bxd7 Rae8 17. Bxe8 Rxe8 18. Qe2 Bd4 19. Kd2 b5 20. Rd1 b4 21.
Bxd4 Rxe2+ 22. Ngxe2 bxc3+ 23. Bxc3 Qxd5+ 24. Kc1 Qg5+ 25. Bd2 Qe7 26. Nc3 h5
27. Re1 Qd8 28. Ne4 Kg7 29. Bc3+ Kh6 30. Bf6 Qd5 31. a3 Qf5 32. Kb1 Qf3 33. Ka1
a6 34. Be7 Kg7 35. Bxc5 f5 36. Ng5 Qxg3 37. Re7+ Kh6 38. Nf7+ Kg7 39. Ng5+ Kh6
40. Nf7+ Kg7 41. Bd4+ Kf8 42. Bf6 Qb3 43. Ng5 1/2-1/2

[Event "NatWest Young Masters 1st"]
[Site "London"]
[Date "1984.09.??"]
[Round "8"]
[White "Kuijf, Marinus"]
[Black "Hawksworth, John C"]
[Result "1-0"]
[WhiteElo "2405"]
[BlackElo "2340"]
[PlyCount "90"]
[EventDate "1984.09.??"]
[EventType "tourn"]
[EventRounds "9"]
[EventCountry "ENG"]
[EventCategory "6"]
[SourceTitle "BritBase"]
[Source "John Saunders"]
[SourceDate "2020.09.07"]
[SourceVersion "1"]
[SourceVersionDate "2020.09.07"]
[SourceQuality "2"]

1. d4 Nf6 2. Nf3 e6 3. e3 b6 4. Bd3 Bb7 5. O-O d5 6. Nbd2 Bd6 7. b3 Nbd7 8. Bb2
O-O 9. Qe2 Ne4 10. Ba6 Bxa6 11. Qxa6 Nxd2 12. Nxd2 c5 13. c4 dxc4 14. Nxc4 Be7
15. Qb7 cxd4 16. Bxd4 Qc8 17. Qf3 Bf6 18. Rfd1 Qc7 19. e4 Rad8 20. Qe3 Bxd4 21.
Rxd4 Ne5 22. Nxe5 Qxe5 23. Rad1 Qc7 24. g3 h6 25. Kg2 Rxd4 26. Qxd4 Qc6 27. Rd3
Rc8 28. Rf3 Qc7 29. Rd3 Qc6 30. h4 a5 31. Rd2 b5 32. Qe3 Kh7 33. Qf4 Qc7 34.
Rd6 a4 35. bxa4 bxa4 36. e5 a3 37. Qf3 Qc3 38. Qxf7 Qxe5 39. Rxe6 Qb2 40. Qf5+
Kg8 41. Rxh6 gxh6 42. Qxc8+ Kg7 43. Qd7+ Kh8 44. Qe8+ Kg7 45. Qe7+ Kg8 1-0

[Event "NatWest Young Masters 1st"]
[Site "London"]
[Date "1984.09.??"]
[Round "8"]
[White "Prie, Eric"]
[Black "Williams, A Howard"]
[Result "1/2-1/2"]
[WhiteElo "2355"]
[BlackElo "2395"]
[PlyCount "71"]
[EventDate "1984.09.??"]
[EventType "tourn"]
[EventRounds "9"]
[EventCountry "ENG"]
[EventCategory "6"]
[SourceTitle "BritBase"]
[Source "John Saunders"]
[SourceDate "2020.09.07"]
[SourceVersion "1"]
[SourceVersionDate "2020.09.07"]
[SourceQuality "2"]

1. e4 c5 2. Nf3 Nc6 3. d4 cxd4 4. Nxd4 Nf6 5. Nc3 d6 6. Bc4 Qb6 7. Nb3 e6 8.
Be3 Qc7 9. Be2 a6 10. a4 b6 11. f4 Be7 12. Bf3 Bb7 13. O-O O-O 14. Kh1 Rab8 15.
Qe2 Rfe8 16. g4 Nd7 17. g5 Na5 18. Nd2 Rbc8 19. Qg2 Bf8 20. Bg1 Nc4 21. Nxc4
Qxc4 22. Rfd1 Qb4 23. Rab1 g6 24. Bf2 Red8 25. Be1 Qc4 26. Bf2 Qc6 27. Bd4 b5
28. axb5 axb5 29. Rd2 b4 30. Nd1 e5 31. Be3 Re8 32. Nf2 f5 33. gxf6 Nxf6 34. f5
Rc7 35. Bg5 Rf7 36. Rg1 1/2-1/2

[Event "NatWest Young Masters 1st"]
[Site "London"]
[Date "1984.09.??"]
[Round "9"]
[White "Bradbury, Neil H"]
[Black "Prie, Eric"]
[Result "1/2-1/2"]
[WhiteElo "2380"]
[BlackElo "2355"]
[PlyCount "82"]
[EventDate "1984.09.??"]
[EventType "tourn"]
[EventRounds "9"]
[EventCountry "ENG"]
[EventCategory "6"]
[SourceTitle "BritBase"]
[Source "John Saunders"]
[SourceDate "2020.09.07"]
[SourceVersion "1"]
[SourceVersionDate "2020.09.07"]
[SourceQuality "2"]

1. d4 e6 2. c4 b6 3. Nf3 Nf6 4. g3 Bb7 5. Bg2 c5 6. O-O cxd4 7. Qxd4 d6 8. Nc3
a6 9. b3 Nbd7 10. Bb2 Be7 11. Rad1 Qc7 12. Rfe1 Rd8 13. e4 O-O 14. Qd2 Qb8 15.
Nd4 Rfe8 16. h3 Bf8 17. Kh2 g6 18. Nc2 Qa8 19. Qf4 Bg7 20. Nb4 Nc5 21. Nd3 Nxd3
22. Rxd3 Nd7 23. Red1 Be5 24. Qh6 b5 25. Rxd6 Bxd6 26. Rxd6 e5 27. Nd5 Bxd5 28.
exd5 bxc4 29. bxc4 Qb8 30. Ba3 Qa7 31. Qe3 Qxe3 32. fxe3 e4 33. c5 Nxc5 34.
Bxc5 Rxd6 35. Bxd6 Rd8 36. Bb4 Rxd5 37. Bxe4 Re5 38. Bf3 Rxe3 39. Kg2 a5 40.
Bc5 Rc3 41. Bf2 a4 1/2-1/2

[Event "NatWest Young Masters 1st"]
[Site "London"]
[Date "1984.09.??"]
[Round "9"]
[White "Hawksworth, John C"]
[Black "Arkell, Keith C"]
[Result "0-1"]
[WhiteElo "2340"]
[BlackElo "2345"]
[PlyCount "103"]
[EventDate "1984.09.??"]
[EventType "tourn"]
[EventRounds "9"]
[EventCountry "ENG"]
[EventCategory "6"]
[SourceTitle "BritBase"]
[Source "John Saunders"]
[SourceDate "2020.09.07"]
[SourceVersion "1"]
[SourceVersionDate "2020.09.07"]
[SourceQuality "2"]

1. d4 Nf6 2. c4 e6 3. Nc3 Bb4 4. e3 O-O 5. Bd3 Bxc3+ 6. bxc3 d6 7. Ne2 e5 8. e4
Re8 9. f3 Nc6 10. Bg5 b6 11. O-O h6 12. Be3 Ba6 13. Ng3 Na5 14. Qe2 Qd7 15. a4
Qe7 16. d5 Qd7 17. Nf5 Nb3 18. Ra2 Nc5 19. Bxc5 bxc5 20. f4 Qd8 21. Qf3 Nh7 22.
Qg3 Qf6 23. fxe5 Rxe5 24. Ne3 Rg5 25. Qe1 Qg6 26. Nf5 Re8 27. Nh4 Qh5 28. Be2
Rg4 29. Bxg4 Qxg4 30. Qf2 Nf6 31. h3 Qxe4 32. Raa1 Qxc4 33. Nf5 Qxd5 34. Nxg7
Re2 35. Qg3 Ne4 36. Qg4 Qg5 37. Qxg5 hxg5 38. Ne8 Nxc3 39. Nxc7 Bd3 40. Rfc1
Ne4 41. Re1 Rxe1+ 42. Rxe1 f5 43. a5 Kf7 44. Rd1 c4 45. Nd5 Ke6 46. Nb4 Nc5 47.
Kf2 d5 48. a6 Be4 49. g3 c3 50. Ke3 c2 51. Nxc2 Bxc2 52. Rc1 0-1

[Event "NatWest Young Masters 1st"]
[Site "London"]
[Date "1984.09.??"]
[Round "9"]
[White "Hebden, Mark L"]
[Black "Flear, Glenn C"]
[Result "1-0"]
[WhiteElo "2480"]
[BlackElo "2455"]
[PlyCount "47"]
[EventDate "1984.09.??"]
[EventType "tourn"]
[EventRounds "9"]
[EventCountry "ENG"]
[EventCategory "6"]
[SourceTitle "BritBase"]
[Source "John Saunders"]
[SourceDate "2020.09.07"]
[SourceVersion "1"]
[SourceVersionDate "2020.09.07"]
[SourceQuality "2"]

1. e4 a6 2. d4 b5 3. Bd3 Bb7 4. Nf3 e6 5. O-O Nf6 6. Re1 c5 7. c3 cxd4 8. cxd4
Be7 9. Nc3 b4 10. Na4 d5 11. e5 Ne4 12. Nd2 Nxd2 13. Bxd2 Bc6 14. Nc5 Qb6 15.
Qg4 g6 16. Rac1 Nd7 17. Bg5 Nxc5 18. dxc5 Bxc5 19. Rxc5 Qxc5 20. Rc1 Qb6 21.
Qf4 f5 22. exf6 O-O 23. Qd6 Qd4 24. Qxe6+ 1-0